Beyblade - Noms d'épisodes (Metal Master) - Statistiques

Statistiques générales
  • Ce quiz a été pris 33 fois
  • Le résultat moyen est 20 sur 51
Statistiques - réponses
Numéro Réponse % Correct
30 Bataille de Rue
69%
1 La Toupie Légendaire
69%
2 Le Bladeur Obstiné
62%
16 Le Festival des Guerriers
62%
26 Le Retour de l'Empereur Dragon
62%
33 Charge, Ray Gill
54%
12 La Toupie au Nom Héroïque
54%
47 L'Empereur Déchu
54%
42 L'Entrée de l'Empereur Dragon
54%
15 Le Premier Duel de Libra
54%
8 Le Troisième Bladeur
54%
19 Wild Fang, la Terreur
54%
29 Gravity Destroyer
46%
20 Horuseus Contre Striker
46%
45 La Miraculeuse Energie Spirale
46%
10 La Volonté de Lacerta
46%
25 L'Axe de la Destruction
46%
21 Les Eternels Rivaux
46%
13 Les Plaines Glacées de Russie
46%
24 L'Invasion des Ténèbres
46%
34 Mon Ami Zeo
46%
46 Vous ne Perdez rien pour Attendre, Ziggurat
46%
27 Au-delà des Limites
38%
23 La Fin d'une Lutte Féroce
38%
51 Le Coup Final de Pegasus
38%
11 Le Secret de 4000 Ans
38%
22 Le Troisième Duel : sur le Fil
38%
50 Tempo se Déchaîne
38%
3 Un Nouveau Défi
38%
6 A la Face du Monde
31%
17 Comme on se retrouve, Wang Hu Zhong
31%
7 Entraînement à la Chinoise
31%
37 La Boussole de Fate Byxis
31%
18 La Fureur Brûlante du Lion
31%
28 L'Aigle Obscur
31%
9 Le Championnat du Monde Commence
31%
35 Le Mystère s'Epaissit
31%
38 Le Paon Maléfique : Befall
31%
49 Le Rugissement de Leone
31%
4 Un Ticket pour le Monde
31%
39 Hades Kerbecs, le Gardien des Enfers
23%
5 Le Dernier Combat ! Leone Contre Eagle
23%
43 Le Dernier Duel des Esprits
23%
40 Le Duel Effroyable des Bladeurs DJ
23%
31 Le Piège Brésilien
23%
48 Le Piège de Befall
23%
14 Le Stadium Sans Issue
23%
32 Le Combat de Cyclone Explosif
15%
41 Le Compte à Rebours FInal
15%
36 On Sera Numéro Un
15%
44 Le Clash Final ! Gingka Contre Damian
8%
Aucun quiz correspondant
Distribution des résultats
% des personnes avec chaque résultat
Percentile par nombre de réponses
Votre historique - résultats
Vous n’avez pas pris ce quiz